Otto Kleppner: Publicidad

Saved in:
Bibliografiske detaljer
Main Authors: Russell, J. Thomas (Author), Lane, W. Ronald (Author)
Format: Bog
Sprog:spansk
Udgivet: Ciudad de México Prentice Hall Hispanoamerica 1994
Udgivelse:12a. ed
Fag:
Tags: Tilføj Tag
Ingen Tags, Vær først til at tagge denne postø!

MARC

LEADER 00000cam a2200000 a 4500
001 UCU8145
003 CL-VaPUC
008 960719e19940000MX |||||||||||||||||spa|d
020 |a 9688803782 
082 0 4 |a 659  |b RUS  |2 21 
100 0 |a Russell, J. Thomas  |e author  |9 367448 
700 0 |a Lane, W. Ronald  |e author  |9 367449 
245 1 0 |a Otto Kleppner: Publicidad 
250 |a 12a. ed 
300 |a 865 p 
942 |c BK 
945 |d 19960719 00:00:00  |a rbrito 
260 |a Ciudad de México  |b Prentice Hall Hispanoamerica  |c 1994 
650 0 |a Publicidad  |9 314572 
650 0 |a Comportamiento del consumidor  |9 331318 
650 0 |a Educación del consumidor  |9 359622 
650 7 |a ESTRATEGIAS DE PRODUCTO  |2 CL-VaPUC  |9 367450 
650 7 |a ESTUDIO DE MERCADO  |2 CL-VaPUC  |9 350124 
650 0 |a Propaganda   |9 322285 
650 7 |a COMUNICACION DE MASAS  |2 CL-VaPUC  |9 334823 
583 |a last modification  |c 20161205 11:01:06  |k Rodrigo Vera 
999 |c 250663  |d 250661 
952 |0 0  |1 0  |4 0  |6 659_000000000000000_RUS_1994  |7 0  |8 A  |9 269070  |a BIBENE  |b BIBENE  |d 2019-11-19  |i 3213536  |o 659 RUS 1994  |p 3213536  |r 2025-01-15  |w 2019-11-19  |y BK  |k ICO